03390cam a22004575i 4500999001700000001000900017003000900026005001700035008004100052020002800093020003100121035002300152040007800175082002100253100002800274245016600302264007700468300004100545336002600586337002800612338002700640490003400667504005100701505064900752520039201401650005601793650007101849650005901920650002601979650002902005653002502034655001402059700002902073856008302102942001202185952014702197952014702344952014702491952014702638952014702785 c27765d2773614718451EG-ScBUE20191117150418.0070131s2016 enka f b 001 0 eng d a0754671127 (alk. paper) a9780754671121 (alk. paper) a(OCoLC)ocm82367697 aDLCbengerdacDLCdBTCTAdBAKERdBWKUKdUKMdYDXCPdNLGGCdDLCdEG-ScBUE04a658.049bADE2221 aAdekola, Abel,eauthor.10aGlobal business management :ba cross-cultural perspective /cAbel Adekola, University of Wisconsin-Stout, USA, and Bruno S. Sergi, University of Messino, Italy. 1aAbingdon, Oxon ;aNew York :bRoutledge / Taylor & Francis Group,c2016. a310 pages :billustrations ;c24 cm. atextbtxt2rdacontent aunmediatedbn2rdamedia avolumebnc2rdacarrier0 aInnovative business textbooks aIncludes bibliographical references and index.0 aInternational management and cross-cultural perspectives -- Changes and growth in the international marketplace -- An introduction to multinational enterprises -- The impact of economics and the international monetary framework on international management -- The impact of domestic politics on international business -- Information technology and its impact on international management -- International service management -- Culture defined -- Impact of culture on international management -- Cross-cultural training and expatriate assignments -- Toward new international business conditions and opportunities -- App. : international metaphors. aThis book interweaves the concepts of the guidance on globalization, international management, and the intricacies of international business that many books on the market treat independently. It clarifies and explains culture, cultural misunderstandings, and cross-cultural interactions. The text is unique in that it offers both the management perspective and the cultural perspective.  7aInternational tradevCross-cultural studies.2BUEsh 7aInternational business enterprisesvCross-cultural studies.2BUEsh 7aInternational business enterprisesxManagement.2BUEsh 7aGlobalization.2BUEsh 7aMulticulturalism.2BUEsh bBUSADMcNovember2019 vText book1 aSergi, Bruno S.eauthor.413Table of contents onlyuhttp://www.loc.gov/catdir/toc/ecip0710/2007002939.html 2ddccBB 00102ddc40708BaccahaMAINbMAINc1STd2019-11-17ePurchaseg450.00l0o658.049 ADEp000048246r2025-07-15 00:00:00v562.50w2019-11-17yNB 00102ddc40708BaccahaMAINbMAINc1STd2019-11-17ePurchaseg450.00l0o658.049 ADEp000048247r2025-07-15 00:00:00v562.50w2019-11-17yNB 00102ddc40708BaccahaMAINbMAINc1STd2019-11-17ePurchaseg450.00l0o658.049 ADEp000048248r2025-07-15 00:00:00v562.50w2019-11-17yBB 00102ddc40708BaccahaMAINbMAINc1STd2019-11-17ePurchaseg450.00l0o658.049 ADEp000048249r2025-07-15 00:00:00v562.50w2019-11-17yBB 00102ddc40708BaccahaMAINbMAINc1STd2019-11-17ePurchaseg450.00l0o658.049 ADEp000048250r2025-07-15 00:00:00v562.50w2019-11-17yBB